000 00251nam a22001217a 4500
008 181023b xxu||||| |||| 00| 0 eng d
041 _aeng
080 _a610
100 _a3
101 _aSHM
245 _aWorking
_cStuds Terkel
942 _2udc
_cBK
999 _c50650
_d50650